01732nam a2200337 i 450000100060000000300080000600500170001400700030003100800410003404000310007508400140010610000480012024501110016826401010027930000420038033600290042233700330045133800280048450200610051250400350057352004980060854600140110665000280112065000170114865000190116570000370118494200250122194500070124699900130125395201280126642835gtgccic20250205145206.0ta250205| gt ||||| |||| 00| 0 spa d agtgccicbspacgtgccicerda 0C-74-103710aGuinea Morales, Walter Gerardod1974eAutor10aEstudio integral de los recursos de agua de la Cuenca del Río Polochic /cWalter Gerardo Guinea Morales. 1aGuatemala, Guatemala :bFacultad de Ingeniería, Universidad de San Carlos de Guatemala,c1974. a95 páginas :bIlustraciones,c27 cm 2rdacontenidoaTextobtxt 2rdamedioasin mediaciónbn 2rdasoporteavolumenbnc aIngeniero Civil,bTesis de Grado,cUsac,d1974.oC741034 aBibliografía páginas 94-95 3aEl presente trabajo es un estudio realizado a uno de los recursos más importantes el "Agua". La Universidad de San Carlos, atraves de la Facultad de Ingeniería y otras escuelas tienen incluidos dentro de sus presupuestos se incluyen los estudio se investigaciones para encontrar correctivos que preserven el sistema ecológico. Por ello se presenta esta tesis sobre la importancia de estudiar las características, extensión, caudales y otros factores de la Cuenca de Río Polochic.  aEspañol14aRecursos Hidrológicos14aHidrología14aPluviometría10aPellecer Zelada, BenignoeAsesor 0tescTESkC741037n0 aMC c247d247 00104070aCICONbCICONd2025-02-05iT19741037l0oC-74-1037pTC19741037r2025-02-05 14:54:23w2025-02-05yTESzDisponible